Gaming Quiz

Random Gaming or Video Games Quiz

Grand Theft Auto Games Quiz Stats

 Plays Quiz Updated Oct 18, 2018

Score 0/13 Timer 04:00
13 Plays Today
Year Title % Correct
1997Grand Theft Auto
95.4%
1999Grand Theft Auto 2
91.9%
2001Grand Theft Auto III
91.1%
2002Grand Theft Auto: Vice City
90.3%
2004Grand Theft Auto: San Andreas
89.2%
2008Grand Theft Auto IV
87.8%
2013Grand Theft Auto V
86.6%
2005Grand Theft Auto: Liberty City Stories
61%
2006Grand Theft Auto: Vice City Stories
44.2%
2009Grand Theft Auto: Chinatown Wars
40.2%
1999*Grand Theft Auto: London (1969 and 1961)
34.3%
2009*Grand Theft Auto IV: The Ballad of Gay Tony
28.1%
2009*Grand Theft Auto IV: The Lost and Damned
28%

You're not logged in!

Compare scores with friends on all Sporcle quizzes.
OR
Log In

Sporcle TV

Today on Sporcle TV


Watch our educational content, quiz creation guides, and fun videos on Sporcle TV.

Show Comments

Extras

Top Quizzes Today


Score Distribution

Your Account Isn't Verified!

In order to create a playlist on Sporcle, you need to verify the email address you used during registration. Go to your Sporcle Settings to finish the process.

Report this User

Report this user for behavior that violates our Community Guidelines.

Details: